000 00540nmc a2200205 a 4500
003 AR-X00000XY
005 20251128212025.0
008 177020s1949 ||||||||||||||000 | spa||
040 _cAR-X00000XY
100 1 _aRilke, Rainer María
245 1 0 _aRainer Maria Rilke
260 _aParis
_bEditions Pierre Seghers
_c1949
300 0 _a220 p.
_cláms.
490 0 _aPoétes d'aujourd'hui
_v14
500 0 _aEjemplar sin tapa
655 _aLITERATURA
700 1 _aDesgraupes, Pierre
_epresentación
942 _cBK
998 _cmartin
999 _c22124
_d22124